LIBRARY & INFORMATION CENTRE, KCAET, TAVANUR

ONLINE PUBLIC ACCESS CATALOGUE (OPAC)

Fundamentals of electricity for agriculture / (Record no. 15544)

MARC details
000 -LEADER
fixed length control field 00453pam a2200157 i 4500
003 - CONTROL NUMBER IDENTIFIER
control field OSt
008 - FIXED-LENGTH DATA ELEMENTS--GENERAL INFORMATION
fixed length control field 790813s1980 ctua b 001 0 eng
020 ## - INTERNATIONAL STANDARD BOOK NUMBER
ISBN 0870553275
082 00 - DEWEY DECIMAL CLASSIFICATION NUMBER
Classification number 621.302363
Item number GUS/FU
100 1# - MAIN ENTRY--AUTHOR NAME
Personal name Gustafson, Robert J.
245 10 - TITLE STATEMENT
Title Fundamentals of electricity for agriculture /
260 ## - PUBLICATION, DISTRIBUTION, ETC. (IMPRINT)
Place of publication Westport, Conn. :
Name of publisher Avi Pub. Co.,
Year of publication c1980.
300 ## - PHYSICAL DESCRIPTION
Number of Pages x, 293 p. :
Other physical details ill. ;
650 #0 - SUBJECT ADDED ENTRY--TOPICAL TERM
Topical Term Electricity in agriculture.
942 ## - ADDED ENTRY ELEMENTS (KOHA)
Koha item type Books
Holdings
Withdrawn status Lost status Damaged status Home library Current library Date acquired Full call number Accession Number Koha item type
      KAUAET KAUAET 02/05/2019 621.302363 GUS/FU 18102 Books
free website counter